000 00445nam a2200145Ia 4500
003 OSt
005 20260226102809.0
008 211028s2019 xx 000 0 und d
040 _cAIMIT LIBRARY
041 _aeng
100 _aNihal, Mohammed; Mascarenhas, Deepika M.
_g1716113
_98091
245 _aStudy on the working capital management of Janatha Fish Meal and Oil Industry /
260 _aMangalore
_bVinay Krishna
_c2019
942 _2ddc
_cPRO
999 _c219659
_d219659